000 00268nam a2200097Ia 4500
008 220204s9999 xx 000 0 und d
082 _aNR:62:006.73
_bDIR
245 0 _aDirectory of registered SMR producers in Malaysia
260 _aKuala Lumpur
_bRRIM
_c1978
942 _cBK
999 _c43357
_d43357